Normal view
MARC view
Entry Personal Name
001 - CONTROL NUMBER
- control field: 1237670
003 - CONTROL NUMBER IDENTIFIER
- control field: OSt
005 - DATE AND TIME OF LATEST TRANSACTION
- control field: 20260430150507.0
008 - FIXED-LENGTH DATA ELEMENTS
- fixed length control field: 260430|| aca||aabn | a|a d
040 ## - CATALOGING SOURCE
- Original cataloging agency: OSt
- Transcribing agency: OSt
100 ## - HEADING--PERSONAL NAME
- Personal name: Jitender Kumar Au.; Singh Vinay Kumar Gu
670 ## - SOURCE DATA FOUND
- Source citation: Work cat.: (OSt)1849912: Jitender Kumar Au.; Singh Vinay Kumar Gu., Study on Sensitivity Enhancement of SAW (Surface Acoustic Wave) Based Chemical Vapor Sensors, 2023
